| 000 | 01331cam a2200445 4500 | ||
|---|---|---|---|
| 003 | PE-LiUPU | ||
| 005 | 20250731173532.0 | ||
| 020 | _a0802807852 | ||
| 035 | _a(Sirsi) i9780802807854 | ||
| 035 | _a(Sirsi) 19270 | ||
| 035 | _a(Sirsi) 19270 | ||
| 041 | _aen | ||
| 044 | _aus | ||
| 082 | 0 | 4 |
_a262.001 _bV43 |
| 100 | 1 | _aVen, Johannes A. van der | |
| 245 | _aEcclesiology in Context. | ||
| 264 | 1 |
_aGrand Rapids, Michigan : _bW. B. Eerdmans Publishing Co., _c1993 |
|
| 300 |
_a568 páginas ; _c23 cm. |
||
| 504 | _aIncluye bibliografía | ||
| 505 | 0 | _aFunction of the Church -- Codes of the Chruch -- Identity -- Integration -- Policy -- Management | |
| 526 | _aSEG42 | ||
| 526 | _aSEG41 | ||
| 526 | _aSEG40 | ||
| 526 | _aSEG39 | ||
| 526 | _aP94 | ||
| 526 | _aP87 | ||
| 526 | _aP86 | ||
| 526 | _aP85 | ||
| 526 | _aP77 | ||
| 526 | _aP76 | ||
| 526 | _aP35 | ||
| 650 | _jIGLESIA - TEORIA | ||
| 942 |
_2ddc _cBOOK |
||
| 949 |
_a262.001 V43 _i42309 _lPOSTGRADO _mBUL _tLIBRO _o.STAFF. Posgrado |
||
| 859 |
_q42309 _h262.001 _iV43 |
||
| 910 | _aaj-mt | ||
| 596 | _a1 | ||
| 999 |
_a262.001 V43 _wDEWEY _c60140 _i42309 _f2021-11-10 _g5 _lCCODEBUL1 _mBUL _r0 _sY _tBOOK _u2015-6-16 _xTEOLOGIA _zUNKNOWN _0COMPRA _o.STAFF. Colección General _d60140 |
||
| 980 |
_81 _gALBERTO SANCHEZ Responsable de Automatización |
||